Online Catalogue and eLibrary

Gahanu lowa pirimi lowa : (Record no. 754)

MARC details
000 -LEADER
fixed length control field 00444nam a2200157Ia 4500
005 - DATE AND TIME OF LATEST TRANSACTION
control field 20250519012122.0
008 - FIXED-LENGTH DATA ELEMENTS--GENERAL INFORMATION
fixed length control field 240331s9999 xx 000 0 und d
020 ## - INTERNATIONAL STANDARD BOOK NUMBER
ISBN 955867804X
082 ## - DDC Classification
Class No. 155.3
Item Number - Author Mark DEZ
100 ## - MAIN ENTRY--PERSONAL NAME
Personal name De Zoysa,P
245 #0 - TITLE STATEMENT
Title Gahanu lowa pirimi lowa :
Remainder of title sambandathawayakin dedenatama awsya uparimaya laba genima
260 ## - PUBLICATION, DISTRIBUTION, ETC.
Place of publication, distribution, etc. Colombo
Name of publisher, distributor, etc. Brillum Publishers
Date of publication, distribution, etc. 2004
300 ## - PHYSICAL DESCRIPTION
Extent (e.g. Volumes, Pages etc.) 174 p .,
500 ## - GENERAL NOTE
General note A book About Gender
942 ## - Koha item type (Biblio)
Koha item type Books in Stacks (Lending)
Holdings
Lost status Damaged status Collection code Home library Current library Shelving location Date acquired Full call number Accession Number Item type
    Lending WERC Library WERC Library Social Science Cupboard 03/31/2024 155.3 DEZ 4937 Books in Stacks (Lending)

© WERC Library